Research Process in Sports Medicine & Health Sciences/ (Record no. 195395)

MARC details
000 -LEADER
fixed length control field 00579nam a22001817a 4500
005 - DATE AND TIME OF LATEST TRANSACTION
control field 20230324155859.0
010 ## - LCCN (DPL NO)
LC control number ENG-136489
020 ## - INTERNATIONAL STANDARD BOOK NUMBER
International Standard Book Number 9789394609037
Terms of availability 500.00
035 ## - SYSTEM CONTROL NUMBER
System control number EN-120021
037 ## - SOURCE OF ACQUISITION
Source of stock number/acquisition DBAD/PUB
082 ## - DEWEY DECIMAL CLASSIFICATION NUMBER
Classification number 617.1027
100 ## - MAIN ENTRY--PERSONAL NAME
Personal name Srinisha, J.
245 ## - TITLE STATEMENT
Title Research Process in Sports Medicine & Health Sciences/
Statement of responsibility, etc by J. Srinisha [et.al...]
260 ## - PUBLICATION, DISTRIBUTION, ETC. (IMPRINT)
Place of publication, distribution, etc Tamil Nadu
Name of publisher, distributor, etc Sree Balaji Medical College & Hospital
Date of publication, distribution, etc 2023
270 ## - ADDRESS
Address Chromepet
City Chennai
Postal code 600044
300 ## - PHYSICAL DESCRIPTION
Extent iii, 272p.;
Other physical details Appendix
Dimensions 29cm(pbk)
942 ## - ADDED ENTRY ELEMENTS (KOHA)
Source of classification or shelving scheme Dewey Decimal Classification
Item type English Books
Classification part 617.1027
Call number suffix SRI
Holdings
Withdrawn status Lost status Not for loan Collection code Home library Current library Date acquired Source of acquisition Cost, normal purchase price Full call number Barcode Copy number Cost, replacement price Koha item type
      Non-fiction Shahdara Branch Shahdara Branch 24/03/2023 DBAD/PUB 500.00 617.1027 SRI EN-120021 1 500.00 English Books

© Delhi Public Library
Hit Counter
free hit counter